| 000 | 00366nam a2200145 4500 | ||
|---|---|---|---|
| 008 | 191022s2019||||xo d | ||
| 100 | 1 |
_aMajling Vojtech _91391 |
|
| 245 | 1 | 0 | _aPoklady tradicnej slovenskej kuchyne |
| 250 | _a1.vydanie | ||
| 260 |
_bIkar _aBratislava _c2019 |
||
| 300 | _a288s. | ||
| 020 |
_a9788055168555 _c14,16 |
||
| 041 | 1 | _aslo | |
| 044 |
_axo _cSK |
||
| 999 |
_c22753 _d22753 |
||